000
00232nam a22000977a 4500
999
_c
58131
_d
58128
100
_a
Imran
245
_a
Design And febrication Of Solar Wheat Harvesting Machine
260
_a
Nawabshah
_b
Quest
_c
2017
300
_a
39
942
_c
THESIS